000 01025nam a22002657i 4500
999 _c23368
_d23368
003 AR-CdUCM
008 250827b20192019 pe||||| |||| 00| 0 spa d
020 _a978-612-4236-19-8
040 _aMUNICIPALIDAD PROVINCIAL DEL CUSCO
_cBIBLIOTECA MUNICIPAL DEL CUSCO
041 _hspa
082 _a304.2509856 / M84
_bM84
100 _aMonge Rodríguez, Fredy Santiago
_951402
245 _aCambio Climático y Percepciones en Comunidades Andinas Quechuahablantes /
260 _aCusco
_bUniversidad Nacional de San Antonio Abad del Cusco
_c2019
300 _a330 páginas. :
_bIlustraciones
_c24x17 cm.
505 _aAntecedentes de la provincia de Calca -- Cultivos tradicionales maíz y papas -- Equilibrio económico -- Aluvión del año
650 _aMaiz y papas
_951403
650 _aCultivos tradicionales
_951404
650 _aGlaciares
_927105
650 _aReforma Agraria
_91861
700 _aTobias, Robert
_951405
700 _aBrügger, Adrián
_951406
942 _2ddc
_cLIBROS
945 _apbjr
_d27-08-2025